000 00534nam a2200181Ia 4500
003 GCL
008 140319s9999 xx 000 0 ara d
040 _aGCL /
_cGCL
082 0 4 _a070.43
_bم ه
100 1 _aمحمد يسرى زعير
245 1 0 _aهمسات لغوية فى اذن الصحف المصرية /
_cمحمد يسرى زعير
300 _a160
490 _aكتاب
_v0
650 0 4 _aاللغة العربية
650 0 4 _aالصحافة المصرية
650 0 4 _aاللغة العبرية
942 _2ddc
_cBK
999 _c43190
_d43190